000 00281nam a2200109Ia 4500
008 190919s9999||||xx |||||||||||||| ||und||
100 _aStuart I.Greenbaum
245 0 _aContemporary Financial Intermediation
260 _aNew Delhi
_bPrentice
_c2001
300 _a606
942 _cBK
999 _c10607
_d10607